<?xml version="1.0" encoding="UTF-8"?>
<collection xmlns="http://www.loc.gov/MARC21/slim">
 <record>
  <leader>     na                 </leader>
  <controlfield tag="001">INLIS000000000698178</controlfield>
  <controlfield tag="005">20251023102823</controlfield>
  <datafield tag="035" ind1=" " ind2=" ">
   <subfield code="a">0010-1025000124</subfield>
  </datafield>
  <controlfield tag="007">ta</controlfield>
  <controlfield tag="008">251023                a          0 ind  </controlfield>
  <datafield tag="040" ind1=" " ind2=" ">
   <subfield code="a">JIPUBAY</subfield>
  </datafield>
  <datafield tag="100" ind1="0" ind2=" ">
   <subfield code="a">Deborah Serani</subfield>
   <subfield code="e">Pengarang</subfield>
   <subfield code="e">Deborah Serani</subfield>
   <subfield code="e">Pengarang</subfield>
   <subfield code="e">Deborah Serani</subfield>
   <subfield code="e">Pengarang</subfield>
   <subfield code="e">Deborah Serani</subfield>
   <subfield code="e">Pengarang</subfield>
  </datafield>
  <datafield tag="245" ind1="1" ind2=" ">
   <subfield code="a">Saat Aku Sedih /</subfield>
   <subfield code="c">Deborah Serani ; Ilustrator, Kyra Teis ;  Penyunting ; Amori eliab</subfield>
  </datafield>
  <datafield tag="250" ind1=" " ind2=" ">
   <subfield code="a">Cetakan pertama</subfield>
  </datafield>
  <datafield tag="300" ind1=" " ind2=" ">
   <subfield code="a">40 halaman :</subfield>
   <subfield code="b">ilust ;</subfield>
   <subfield code="c">20 cm</subfield>
  </datafield>
  <datafield tag="020" ind1=" " ind2=" ">
   <subfield code="a">9786230410567</subfield>
  </datafield>
  <datafield tag="082" ind1=" " ind2=" ">
   <subfield code="a">398.24</subfield>
  </datafield>
  <datafield tag="084" ind1=" " ind2=" ">
   <subfield code="a">398.24 DEB s</subfield>
  </datafield>
  <datafield tag="264" ind1=" " ind2=" ">
   <subfield code="a">Jakarta :</subfield>
   <subfield code="b">Bhuana Ilmu Populer,</subfield>
   <subfield code="c">2020</subfield>
  </datafield>
  <datafield tag="336" ind1=" " ind2=" ">
   <subfield code="2">rdacontent</subfield>
   <subfield code="a">teks</subfield>
  </datafield>
  <datafield tag="337" ind1=" " ind2=" ">
   <subfield code="2">rdamedia</subfield>
   <subfield code="a">tanpa perantara</subfield>
  </datafield>
  <datafield tag="338" ind1=" " ind2=" ">
   <subfield code="2">rdacarrier</subfield>
   <subfield code="a">volume</subfield>
  </datafield>
  <datafield tag="520" ind1=" " ind2=" ">
   <subfield code="a">Kecerdasan emosional perlu diajarkan sejak dini. Karena itu, penting untuk mengenalkan apa itu emosi agar anak dapat lebih mengenal perasaannya dan tahu cara untuk bertindak. Seri buku ini akan mengenalkan beragam emosi dengan aktivitas yang menarik bagi anak. Emosi sehari-hari ini akan dijelaskan dengan sederhana. Anak pun dapat memahami emosi melalui cara yang mudah. Mengenali emosi diri menjadi salah satu cara untuk menumbuhkan kesehatan mental yang positif. Anak-anak perlu mengenali emosi agar mereka dapat mengelola dan mengekspresikan dengan tepat, mampu menyelesaikan masalah dengan baik, memiliki kepercayaan diri, memiliki empati, dan manfaat baik lainnya.</subfield>
  </datafield>
  <datafield tag="650" ind1=" " ind2="4">
   <subfield code="a">Bacaan anak - anak</subfield>
  </datafield>
  <datafield tag="700" ind1="0" ind2=" ">
   <subfield code="a">Kyra Teis</subfield>
   <subfield code="e">Ilustrator</subfield>
  </datafield>
  <datafield tag="700" ind1="0" ind2=" ">
   <subfield code="a">Amori eliab</subfield>
   <subfield code="e">Penyunting</subfield>
  </datafield>
  <datafield tag="850" ind1=" " ind2=" ">
   <subfield code="a">JIPUBAY</subfield>
  </datafield>
  <datafield tag="990" ind1=" " ind2=" ">
   <subfield code="a">00457/DPKBWI/2025</subfield>
  </datafield>
  <datafield tag="990" ind1=" " ind2=" ">
   <subfield code="a">00458/DPKBWI/2025</subfield>
  </datafield>
  <datafield tag="990" ind1=" " ind2=" ">
   <subfield code="a">00459/DPKBWI/2025</subfield>
  </datafield>
 </record>
</collection>
